<?xml version="1.0" encoding="UTF-8"?>
<marc:record xmlns:marc="http://www.loc.gov/MARC21/slim">
   <marc:leader>00000nam a2200000 a 4500</marc:leader>
   <marc:datafield ind1="1" ind2=" " tag="100">
      <marc:subfield code="a">Rowling, J. K.</marc:subfield>
      <marc:subfield code="4">aut</marc:subfield>
      <marc:subfield code="e">Verfasser/-in</marc:subfield>
   </marc:datafield>
   <marc:datafield ind1="1" ind2=" " tag="100">
      <marc:subfield code="a">Fritz, Klaus</marc:subfield>
   </marc:datafield>
   <marc:datafield ind1="1" ind2=" " tag="100">
      <marc:subfield code="a">Caltsoudas, George</marc:subfield>
   </marc:datafield>
   <marc:datafield ind1=" " ind2=" " tag="653">
      <marc:subfield code="a">Fantasy</marc:subfield>
   </marc:datafield>
   <marc:datafield ind1="0" ind2="0" tag="245">
      <marc:subfield code="a">Harry Potter und der Halbblutprinz 6</marc:subfield>
   </marc:datafield>
   <marc:datafield ind1="0" ind2="0" tag="245">
      <marc:subfield code="c">Rowling, J. K.</marc:subfield>
   </marc:datafield>
   <marc:datafield ind1=" " ind2="1" tag="264">
      <marc:subfield code="a">Hamburg</marc:subfield>
      <marc:subfield code="b">Carlsen</marc:subfield>
      <marc:subfield code="c">2025</marc:subfield>
   </marc:datafield>
   <marc:datafield ind1="1" ind2=" " tag="490">
      <marc:subfield code="a">Harry Potter</marc:subfield>
      <marc:subfield code="v">6</marc:subfield>
   </marc:datafield>
   <marc:datafield ind1=" " ind2=" " tag="250">
      <marc:subfield code="a">1. Aufl.</marc:subfield>
   </marc:datafield>
   <marc:datafield ind1="1" ind2=" " tag="520">
      <marc:subfield code="a">Seit Voldemort, der gefährlichste schwarze Magier aller Zeiten, zurückgekehrt ist, herrschen Aufruhr und Gewalt in der magischen Welt. Als Harry und seine Freunde Ron und Hermine zu ihrem sechsten Schuljahr nach Hogwarts kommen, gelten strengste Sicherheitsmaßnahmen in der Zauberschule. Um Harry gegen das Böse zu wappnen, erforscht Dumbledore mit ihm die Geschichte des Dunklen Lords. Ob auch Harrys Zaubertrankbuch, das früher einem »Halbblutprinzen« gehörte, ihm helfen kann?&#xD;
Ein generationenübergreifender Fantasy-Klassiker&#xD;
Millionen von Leser*innen in mehreren Generationen sind mit den Geschichten von Harry Potter aufgewachsen. Die Autorin hat mit Hogwarts ein Universum geschaffen, das einzigartig ist und eine große kulturelle Bedeutung erlangt hat. Neben der magischen Welt und spannenden Abenteuern spielen auch moralische Werte wie Freundschaft, Toleranz, Loyalität und der Einsatz für das Gute in ihren Büchern eine wichtige Rolle.</marc:subfield>
   </marc:datafield>
   <marc:datafield ind1=" " ind2=" " tag="020">
      <marc:subfield code="a">9783551559272</marc:subfield>
      <marc:subfield code="9">9783551559272</marc:subfield>
   </marc:datafield>
   <marc:datafield ind1=" " ind2=" " tag="020">
      <marc:subfield code="a">3551559279</marc:subfield>
      <marc:subfield code="9">3551559279</marc:subfield>
   </marc:datafield>
   <marc:datafield ind1=" " ind2=" " tag="041">
      <marc:subfield code="a">ger</marc:subfield>
   </marc:datafield>
   <marc:datafield ind1="0" ind2=" " tag="490">
      <marc:subfield code="v">6</marc:subfield>
   </marc:datafield>
   <marc:datafield ind1="1" ind2=" " tag="521">
      <marc:subfield code="a">Kind</marc:subfield>
   </marc:datafield>
   <marc:datafield ind1=" " ind2=" " tag="338">
      <marc:subfield code="a">Band</marc:subfield>
   </marc:datafield>
   <marc:datafield ind1=" " ind2=" " tag="300">
      <marc:subfield code="a">638 Seiten</marc:subfield>
   </marc:datafield>
</marc:record>
